Pressure distribution and surface flow on 5% and 9% thick wings with curved tip and 60 sweepback /

Bibliographic Details
Main Author: Garner, Henry Clifford
Other Authors: Walshe, D. E.
Format: Book
Language:English
Published: London : Her Majesty's Stationery Office, 1962.
Series:Reports and memoranda (Aeronautical Research Council (Great Britain)) ; no. 3244.
Subjects:

MARC

Tag First Indicator Second Indicator Subfields
LEADER 00000cam a2200000 4500
001 in00000098986
005 20150926125549.0
008 800402s1962 enka b f00010 eng d
035 |a (OCoLC)06161724 
035 |9 AAL3667AM 
040 |a TXA  |c TXA  |d UtOrBLW 
049 |a TXAM  |c [955428] 
090 |a TL526.G7  |b A4 no. 3244 
100 1 |a Garner, Henry Clifford. 
245 1 0 |a Pressure distribution and surface flow on 5% and 9% thick wings with curved tip and 60 sweepback /  |c by H. C. Garner and D. E. Walshe. 
264 1 |a London :  |b Her Majesty's Stationery Office,  |c 1962. 
300 |a 94 pages :  |b illustrations 
336 |a text  |b txt  |2 rdacontent 
337 |a unmediated  |b n  |2 rdamedia 
338 |a volume  |b nc  |2 rdacarrier 
490 1 |a [Great Britain] Aeronautical Research Council. Reports and memoranda,  |v no. 3244 
500 |a Cover title. 
504 |a Bibliography: page 20. 
650 0 |a Airplanes  |x Wings. 
650 0 |a Air flow. 
700 1 |a Walshe, D. E. 
830 0 |a Reports and memoranda (Aeronautical Research Council (Great Britain)) ;  |v no. 3244. 
999 |a MARS 
999 f f |s a3ea7442-01ac-35f9-8017-7d087978bfd5  |i a9aa8986-d0e4-3d48-98c9-95f663e9dd16  |t 0 
952 f f |p ric  |a Texas A&M University  |b Rellis Campus  |c Joint Library Facility  |d Remote Storage  |t 0  |e TL526.G7 A4 no. 3244  |h Library of Congress classification  |i unmediated -- volume  |m A14805535285 
998 f f |a TL526.G7 A4 no. 3244  |t 0  |l Remote Storage